000 01566nas a2200277 454500
001 5080
005 20260407193504.0
008 260407s1982####ag###########|||spa#d
003 AR-UNSa-BCEJYS
040 _aAR-UNSa-BCEJYS
_bspa
_cAR-UNSa-BCEJYS
080 _a330
_xEconomía en general
245 1 0 _aEstudios Económicos
022 _a0425-368X
264 1 _aBahía Blanca :
_bUniversidad Nacional del Sur. Departamento de Ciencias Económicas
_c1982
310 _aPeriodicidad: Semestral o Anual Cambia de Director a partir del Nº 15/20 por Ricardo Bara Cambia de Director a partir del Nº 25/26 por Elena O. de Guevara Cambia de Director a partir del Nº 50 por Andrea Castellano Cambia de Director a partir del Nº 68 por Germán González
505 _aEstudios Económicos publica trabajos sobre temas económicos vinculados, sea en forma permanente o temporaria, con el Departamento de Economía de la Universidad Nacional del Sur. Ofrece además sus entregas, un análisis de libros recientes, asi como una visión sistemática del material bibliográfico que aparece en el campo de la Economía en un conjunto seleccionado de publicaciones periódicas argentinas.
942 _cSER
590 _aniveau_biblio:s niveau_hierar:1
100 1 _aBacic, Uros
650 _aDesarrollo económico y social
650 _aCiencias sociales
650 _aPolítica económica
650 _aHistoria económica
650 _aECONOMIA
856 4 1 _uhttps://biblioeco.unsa.edu.ar/pmb/images/revistas/Estudios Economicos 2.jpg
_yImagen de portada
_qimage/jpeg
999 _c8415
_d8415